000 00657nam a2200181Ia 4500
008 151018s9999 xx 000 0 und d
082 _bRBASDV15338
_a891.462
100 _aकेशव दत्ता
245 _aरात्र थोडी सोंग फार
250 _b1
260 _b"मॅजेस्टीक पब्लिशिंग हाऊस, ठाणे "
_c1979
300 _a85
600 _aकेशव दत्ता
630 _aरात्र थोडी सोंग फार
700 _aकेशव दत्ता
730 _aरात्र थोडी सोंग फार
942 _cBOOK
999 _c1016065
_d1016062